Normal view
MARC view
Entry Personal Name
001 - CONTROL NUMBER
- control field: 1162237
003 - CONTROL NUMBER IDENTIFIER
- control field: OSt
005 - DATE AND TIME OF LATEST TRANSACTION
- control field: 20260324121350.0
008 - FIXED-LENGTH DATA ELEMENTS
- fixed length control field: 260324|| aca||aabn | a|a d
040 ## - CATALOGING SOURCE
- Original cataloging agency: OSt
- Transcribing agency: OSt
100 ## - HEADING--PERSONAL NAME
- Personal name: Krewasky A. Salter I
670 ## - SOURCE DATA FOUND
- Source citation: Work cat.: (OSt)1754289: Krewasky A. Salter I, The Story of Black Military Officers, 1861-1948
